The Vines of Yarrabee (Record no. 186690)
[ view plain ]
| 000 -LEADER | |
|---|---|
| fixed length control field | 00399 a2200169 4500 |
| 003 - CONTROL NUMBER IDENTIFIER | |
| control field | Nust |
| 005 - DATE AND TIME OF LATEST TRANSACTION | |
| control field | 20230525112417.0 |
| 040 ## - CATALOGING SOURCE | |
| Transcribing agency | Nust |
| 082 ## - DEWEY DECIMAL CLASSIFICATION NUMBER | |
| Classification number | 823, DOS |
| 100 ## - MAIN ENTRY--PERSONAL NAME | |
| Personal name | Eden,Dorothy |
| 9 (RLIN) | 112578 |
| 245 ## - TITLE STATEMENT | |
| Title | The Vines of Yarrabee |
| Statement of responsibility, etc. | Dorothy Eden |
| 260 ## - PUBLICATION, DISTRIBUTION, ETC. | |
| Place of publication, distribution, etc. | London |
| Name of publisher, distributor, etc. | Hodder and Stroughton |
| 300 ## - PHYSICAL DESCRIPTION | |
| Extent | 315:p |
| 538 ## - SYSTEM DETAILS NOTE | |
| System details note | Almirah No.58 Shelf No.5 |
| 650 ## - SUBJECT ADDED ENTRY--TOPICAL TERM | |
| Topical term or geographic name entry element | Novel |
| 9 (RLIN) | 2525 |
| 942 ## - ADDED ENTRY ELEMENTS (KOHA) | |
| Source of classification or shelving scheme | |
| Koha item type | Book |
| Withdrawn status | Lost status | Source of classification or shelving scheme | Damaged status | Not for loan | Permanent Location | Current Location | Shelving location | Date acquired | Total Checkouts | Total Renewals | Full call number | Barcode | Date last seen | Date last checked out | Price effective from | Koha item type | Public note |
|---|---|---|---|---|---|---|---|---|---|---|---|---|---|---|---|---|---|
| Military College of Signals (MCS) | Military College of Signals (MCS) | Fiction | 12/12/2016 | 1 | 2 | 823,EDE | MCS29945 | 03/14/2025 | 02/20/2025 | 12/12/2016 | Book | Almirah No.57, Shelf No.5 |
